Improving the Seismic Performance of Existing Buildings and Other Structures /

Bibliographic Details
Other Authors: Goodno, Barry
Format: eBook
Published: Reston, VA : American Society of Civil Engineers, 2009.
Subjects:
Online Access:Connect to the full text of this electronic book

MARC

Tag First Indicator Second Indicator Subfields
LEADER 00000cam a22000005u 4500
001 in00002787031
005 20190331170709.0
006 m o d
007 cr nn 008mam|a
008 091207t2009 gw fo || 0 0 |||||
020 |a 9780784410844 
035 |a (American Society of Civil Eng)10.1061/9780784410844 
040 |d UtOrBLW 
245 0 0 |a Improving the Seismic Performance of Existing Buildings and Other Structures /  |c Edited by Barry Goodno. 
264 1 |a Reston, VA :  |b American Society of Civil Engineers,  |c 2009. 
300 |a 1 online resource. 
336 |a text  |b txt  |2 rdacontent 
337 |a computer  |b c  |2 rdamedia 
338 |a online resource  |b cr  |2 rdacarrier 
500 |a Electronic resource. 
653 |a Proceedings  |a Structural Engineering Institute (SEI)  |a Structural engineering  |a Seismic engineering  |a Available in Print 
655 7 |a Electronic books.  |2 local 
700 1 |a Goodno, Barry. 
730 0 |a ASCE Library. 
856 4 0 |u http://proxy.library.tamu.edu/login?url=http://ascelibrary.org/action/showBook?doi=10.1061%2F9780784410844  |z Connect to the full text of this electronic book  |t 0 
999 |a MARS 
999 f f |s af3d8d7d-8dfd-30e6-8cb9-6cbab8f4f831  |i 586536cd-61ed-3bfd-9618-7a6f552bc81d  |t 0 
952 f f |a Texas A&M University  |b College Station  |c Electronic Resources  |d Available Online  |t 0  |h No information provided 
998 f f |t 0  |l Available Online